Cambridge checkpoint science coursebook 7 / (Record no. 296191)
[ view plain ]
| 000 -LEADER | |
|---|---|
| fixed length control field | 00879cam a22002775a 4500 |
| 001 - CONTROL NUMBER | |
| control field | 17393188 |
| 003 - CONTROL NUMBER IDENTIFIER | |
| control field | SISC |
| 005 - DATE AND TIME OF LATEST TRANSACTION | |
| control field | 20160625105054.0 |
| 008 - FIXED-LENGTH DATA ELEMENTS--GENERAL INFORMATION | |
| fixed length control field | 120719s2012 enk j 000 0 eng |
| 010 ## - LIBRARY OF CONGRESS CONTROL NUMBER | |
| LC control number | 2012405638 |
| 020 ## - INTERNATIONAL STANDARD BOOK NUMBER | |
| International Standard Book Number | 9781107613331 (pbk.) |
| 040 ## - CATALOGING SOURCE | |
| Original cataloging agency | DLC |
| Transcribing agency | DLC |
| 042 ## - AUTHENTICATION CODE | |
| Authentication code | pcc |
| 050 ## - LIBRARY OF CONGRESS CALL NUMBER | |
| Classification number | Q 163 .J76 2012 |
| 100 1# - MAIN ENTRY--PERSONAL NAME | |
| Personal name | Jones, Mary, |
| Dates associated with a name | 1950- |
| 245 10 - TITLE STATEMENT | |
| Title | Cambridge checkpoint science coursebook 7 / |
| Statement of responsibility, etc | by Mary Jones, Diane Fellowes-Freeman and David Sang. |
| 260 ## - PUBLICATION, DISTRIBUTION, ETC. (IMPRINT) | |
| Place of publication, distribution, etc | Cambridge : |
| Name of publisher, distributor, etc | Cambridge University Press, |
| Date of publication, distribution, etc | 2012. |
| 300 ## - PHYSICAL DESCRIPTION | |
| Extent | 1 v. |
| 490 0# - SERIES STATEMENT | |
| Series statement | Cambridge International Examinations |
| 650 #0 - SUBJECT ADDED ENTRY--TOPICAL TERM | |
| Topical term or geographic name as entry element | Science |
| Form subdivision | Juvenile literature. |
| 700 1# - ADDED ENTRY--PERSONAL NAME | |
| Personal name | Fellowes-Freeman, Diane. |
| 700 1# - ADDED ENTRY--PERSONAL NAME | |
| Personal name | Sang, David. |
| 906 ## - LOCAL DATA ELEMENT F, LDF (RLIN) | |
| a | 0 |
| b | ibc |
| c | origres |
| d | 2 |
| e | ncip |
| f | 20 |
| g | y-gencatlg |
| 942 ## - ADDED ENTRY ELEMENTS (KOHA) | |
| Source of classification or shelving scheme | Library of Congress Classification |
| Koha item type | Books |
| Withdrawn status | Lost status | Source of classification or shelving scheme | Damaged status | Home library | Current library | Shelving location | Date acquired | Source of acquisition | Sub Shelving location | Total Checkouts | Full call number | Barcode | Date last seen | Price effective from | Koha item type |
|---|---|---|---|---|---|---|---|---|---|---|---|---|---|---|---|
| Library of Congress Classification | Luxembourg Library | Luxembourg Library | Teachers Reference Section | 06/25/2016 | Donation | Q 163 .J76 2012 | 20231 | 06/25/2016 | 06/25/2016 | Books |